header

Gun ownership and the Second Amendment (Record no. 62864)

MARC details
000 -LEADER
fixed length control field 01695nam a2200373 a 4500
082 04 - DEWEY DECIMAL CLASSIFICATION NUMBER
Classification number 344.7305/33
245 00 - TITLE STATEMENT
Title Gun ownership and the Second Amendment
260 ## - PUBLICATION, DISTRIBUTION, ETC. (IMPRINT)
Place of publication Hauppauge, N.Y. :
Name of publisher Nova Science Publishers,
Year of publication c2009.
300 ## - PHYSICAL DESCRIPTION
Number of Pages viii, 183 p.
490 1# - SERIES STATEMENT
Series statement Criminal justice, law enforcement and corrections series
505 0# - FORMATTED CONTENTS NOTE
Formatted contents note The Constitution of the United States of America -- Supreme Court of the United States -- Oral arguments of D.C. V. Dick Anthony Heller -- District of Columbia v. Heller : the Supreme Court and the Second Amendment.
650 #0 - SUBJECT ADDED ENTRY--TOPICAL TERM
Topical Term Firearms
Topical Term Gun control
700 1# - ADDED ENTRY--PERSONAL NAME
Personal name Baldrige, Pjeter D.
856 40 - ELECTRONIC LOCATION AND ACCESS
Uniform Resource Identifier http://site.ebrary.com/lib/rucke/Doc?id=10671412

No items available.

© 2026 Rongo University
Contact us: librarian | system librarian | Rongo university